Mallige male (Record no. 122018)

MARC details
000 -LEADER
fixed length control field 00611nam a2200217Ia 4500
003 - CONTROL NUMBER IDENTIFIER
control field OSt
005 - DATE AND TIME OF LATEST TRANSACTION
control field 20251112162505.0
008 - FIXED-LENGTH DATA ELEMENTS--GENERAL INFORMATION
fixed length control field 210210b2015 xxu||||| |||| 00| 0 eng d
040 ## - CATALOGING SOURCE
Transcribing agency AL
041 ## - LANGUAGE CODE
Language code of text/sound track or separate title Kannada
082 ## - DEWEY DECIMAL CLASSIFICATION NUMBER
Classification number K894.1 NALM
100 ## - MAIN ENTRY--PERSONAL NAME
Personal name NALKA GOPALAKRASHNA ACHAR
Dates associated with a name ನಾಲ್ಕ ಗೋಪಾಲಕೃಷ್ಣ ಆಚಾರ್ಯ.
9 (RLIN) 245251
245 ## - TITLE STATEMENT
Title Mallige male
Remainder of title ಮಲ್ಲಿಗೆ ಮಳೆ
260 ## - PUBLICATION, DISTRIBUTION, ETC.
Place of publication, distribution, etc. Putturu
Name of publisher, distributor, etc. -
Date of publication, distribution, etc. 2015
300 ## - PHYSICAL DESCRIPTION
Extent vii,80
650 ## - SUBJECT ADDED ENTRY--TOPICAL TERM
Topical term or geographic name entry element Mallige
9 (RLIN) 245252
650 ## - SUBJECT ADDED ENTRY--TOPICAL TERM
Topical term or geographic name entry element male
9 (RLIN) 245253
690 ## - LOCAL SUBJECT ADDED ENTRY--TOPICAL TERM (OCLC, RLIN)
Topical term or geographic name as entry element Kannada Poetry
9 (RLIN) 245254
906 ## - LOCAL DATA ELEMENT F, LDF (RLIN)
a 072115
942 ## - ADDED ENTRY ELEMENTS (KOHA)
Source of classification or shelving scheme Dewey Decimal Classification
Koha item type Book
Holdings
Withdrawn status Lost status Source of classification or shelving scheme Damaged status Not for loan Collection code Home library Current library Shelving location Date acquired Source of acquisition Cost, normal purchase price Total Checkouts Full call number Barcode Date last seen Price effective from Koha item type
    Dewey Decimal Classification     Kannada St Aloysius Library St Aloysius Library   02/17/2021 Nalka Gopalakrashna Achar, Kemmayi, Putturu 100.00   K894.1 NALM 072115 02/17/2021 02/17/2021 Book